[Event "Osijek-Baranja CupT 11th"]
[Site "Nasice"]
[Date "2018.02.17"]
[Round "2.4"]
[White "Brkic, Valent"]
[Black "Oreskovic, Pero"]
[Result "1-0"]
[WhiteElo "1941"]
[BlackElo "1928"]
[PlyCount "133"]
[EventDate "2018.02.16"]
[EventType "team-swiss"]
[EventRounds "5"]
[EventCountry "CRO"]
[SourceTitle "EXT 2023"]
[Source "ChessBase"]
[SourceDate "2022.10.05"]
[SourceVersion "1"]
[SourceVersionDate "2022.10.05"]
[SourceQuality "1"]
[WhiteTeam "Osijek Mladost"]
[BlackTeam "Osijek Dragovoljac"]
[WhiteTeamCountry "CRO"]
[BlackTeamCountry "CRO"]

1. c4 Nf6 2. Nc3 g6 3. e4 d6 4. d4 Bg7 5. g3 0-0 6. Bg2 c5 7. Nge2 a6 8. 0-0 Nc6 9. h3 Rb8 10. Be3 cxd4 11. Nxd4 Nxd4 12. Bxd4 b5 13. e5 Ne8 14. Ba7 Rb7 15. Bxb7 Bxb7 16. exd6 exd6 17. cxb5 axb5 18. Bd4 Qd7 19. Kh2 Bc8 20. g4 Nf6 21. Nd5 Nxd5 22. Bxg7 Kxg7 23. Qxd5 h5 24. Rad1 Rd8 25. f3 f6 26. Rde1 hxg4 27. fxg4 Rh8 28. Qd4 Rf8 29. Rf2 Rf7 30. Ref1 Qe6 31. Qc3 g5 32. Rf5 Kg6 33. Qd3 Kg7 34. a3 Qa2 35. R5f2 Qe6 36. Qxb5 d5 37. Qb8 d4 38. Rd1 Bb7 39. Rxd4 Qe1 40. Rdd2 Qh1+ 41. Kg3 Qg1+ 42. Rg2 Bxg2 43. Rxg2 Qe1+ 44. Kh2 Qc1 45. Qd6 Qf1 46. b4 Ra7 47. Rc2 Qb5 48. Rf2 Rf7 49. Qg3 Rd7 50. Qf3 Qa6 51. a4 Rd4 52. b5 Qd6+ 53. Qg3 Qb6 54. Rc2 Kg6 55. Qb3 Qd6+ 56. Qg3 Qb6 57. Qf2 Qd6+ 58. Kg2 Rxa4 59. Qf5+ Kh6 60. Rf2 Rd4 61. Qxf6+ Qxf6 62. Rxf6+ Kg7 63. Rb6 Rd2+ 64. Kf3 Rd4 65. Rb8 Kf6 66. b6 Ke7 67. b7 1-0

[Event "Osijek-Baranja CupT 11th"]
[Site "Nasice"]
[Date "2018.02.16"]
[Round "1.2"]
[White "Oreskovic, Pero"]
[Black "Buric, Danijel"]
[Result "1/2-1/2"]
[WhiteElo "1928"]
[BlackElo "2157"]
[PlyCount "135"]
[EventDate "2018.02.16"]
[EventType "team-swiss"]
[EventRounds "5"]
[EventCountry "CRO"]
[SourceTitle "EXT 2023"]
[Source "ChessBase"]
[SourceDate "2022.10.05"]
[SourceVersion "1"]
[SourceVersionDate "2022.10.05"]
[SourceQuality "1"]
[WhiteTeam "Osijek Dragovoljac"]
[BlackTeam "Belisce"]
[WhiteTeamCountry "CRO"]
[BlackTeamCountry "CRO"]

1. Nf3 f5 2. e4 fxe4 3. Ng5 Nf6 4. d3 e5 5. Nxe4 d5 6. Nxf6+ Qxf6 7. Nc3 c6 8. Be2 Bd6 9. Bg4 0-0 10. 0-0 Nd7 11. Ne2 Qh4 12. Ng3 g6 13. Be6+ Kg7 14. Qg4 Qxg4 15. Bxg4 h5 16. Be6 Nc5 17. Bxc8 Raxc8 18. Be3 Rf7 19. d4 Ne6 20. Ne2 Rcf8 21. c3 Nf4 22. Bxf4 exf4 23. f3 g5 24. Rae1 Re7 25. Nc1 Rfe8 26. Kf2 g4 27. Rxe7+ Rxe7 28. Re1 g3+ 29. hxg3 fxg3+ 30. Kf1 Kf6 31. Nd3 Rh7 32. Re2 h4 33. Kg1 b6 34. Ne5 Bxe5 35. Rxe5 h3 36. gxh3 Rxh3 37. Kg2 Rh2+ 38. Kxg3 Rxb2 39. Re8 Rc2 40. Re3 Rxa2 41. Kf4 a5 42. Re1 Rc2 43. Rb1 b5 44. Rb3 a4 45. Ra3 Re2 46. Ra1 Rb2 47. Rh1 Ke6 48. Rh6+ Kd7 49. Ke3 a3 50. Rh7+ Kd6 51. Ra7 Ra2 52. f4 Ra1 53. Kd3 a2 54. Kc2 Rf1 55. Rxa2 Rxf4 56. Kb3 Kc7 57. Ra7+ Kb6 58. Rh7 b4 59. Kxb4 c5+ 60. Kb3 cxd4 61. cxd4 Rxd4 62. Kc3 Rg4 63. Kd3 Kc5 64. Rc7+ Kd6 65. Rc8 Rg1 66. Rd8+ Ke6 67. Kd4 Rd1+ 68. Ke3 1/2-1/2

[Event "Osijek op 10th"]
[Site "Osijek"]
[Date "2017.02.25"]
[Round "5"]
[White "Cvijanovic, Srecko"]
[Black "Oreskovic, Pero"]
[Result "0-1"]
[WhiteElo "1774"]
[BlackElo "1975"]
[PlyCount "64"]
[EventDate "2017.02.23"]
[EventType "swiss"]
[EventRounds "7"]
[EventCountry "CRO"]
[SourceTitle "EXT 2019"]
[Source "ChessBase"]
[SourceDate "2018.10.10"]
[SourceVersion "1"]
[SourceVersionDate "2018.10.10"]
[SourceQuality "1"]

1. e4 c5 2. Nf3 d6 3. c3 Nf6 4. h3 Nc6 5. Bd3 e5 6. Bc2 g6 7. d4 cxd4 8. cxd4 exd4 9. Nxd4 Bg7 10. 0-0 0-0 11. Nc3 d5 12. Nxc6 bxc6 13. exd5 Nxd5 14. Ne4 Rb8 15. Rb1 Bf5 16. a3 Qc7 17. Nc5 Rbd8 18. Bd2 Qe7 19. Bxf5 Qxc5 20. Qc2 Qd6 21. Be4 Rfe8 22. Rfd1 Bd4 23. Bg5 Bf6 24. Bxf6 Qxf6 25. b4 Nc3 26. Rxd8 Rxd8 27. Rc1 Nxe4 28. Qxe4 Rd6 29. Qc4 Qb2 30. Qc3 Rd1+ 31. Kh2 Qxc1 32. Qe5 Re1 0-1

[Event "Osijek op 10th"]
[Site "Osijek"]
[Date "2017.02.24"]
[Round "3"]
[White "Oreskovic, Pero"]
[Black "Biljcevic, Miodrag"]
[Result "1/2-1/2"]
[WhiteElo "1975"]
[BlackElo "1780"]
[PlyCount "127"]
[EventDate "2017.02.23"]
[EventType "swiss"]
[EventRounds "7"]
[EventCountry "CRO"]
[SourceTitle "EXT 2019"]
[Source "ChessBase"]
[SourceDate "2018.10.10"]
[SourceVersion "1"]
[SourceVersionDate "2018.10.10"]
[SourceQuality "1"]

1. e4 d5 2. exd5 Qxd5 3. Nc3 Qa5 4. d4 c6 5. Bd2 Qc7 6. Bc4 Nf6 7. Nf3 Bg4 8. 0-0 e6 9. h3 Bxf3 10. Qxf3 Be7 11. Bf4 Bd6 12. Bg5 Be7 13. Rfe1 0-0 14. Rad1 h6 15. Bf4 Qa5 16. Ne4 Nd5 17. Bd2 Qc7 18. Bd3 f5 19. Nc5 Bxc5 20. dxc5 Qf7 21. c4 Nf6 22. Bf4 Nbd7 23. Bd6 Rfe8 24. b4 Rac8 25. Re2 Qh5 26. Qxh5 Nxh5 27. Rde1 Kf7 28. g4 fxg4 29. hxg4 Nhf6 30. f3 g5 31. Kf2 h5 32. Kg3 Rcd8 33. gxh5 Nxh5+ 34. Kg4 Nf4 35. Rd2 Nxd3 36. Rxd3 Kf6 37. Rdd1 Rh8 38. Rh1 Rxh1 39. Rxh1 Kg6 40. Kg3 a6 41. f4 Nf6 42. fxg5 Kxg5 43. Kf3 Kf5 44. Re1 Ra8 45. Re5+ Kg6 46. Rxe6 Re8 47. Be7 Kf7 48. Rxf6+ Kxe7 49. Rh6 Kd8 50. Rh2 Re1 51. Re2 Rc1 52. Re4 Rc2 53. Ke3 Rxa2 54. Kd3 Ra3+ 55. Kc2 Ra4 56. Kb3 Ra1 57. Re2 Rb1+ 58. Rb2 Rd1 59. Ra2 Rd3+ 60. Ka4 Rc3 61. Ka5 Kc7 62. Ra1 Rc2 63. Ra3 Rc1 64. Ra2 1/2-1/2

[Event "Osijek-Baranja CupT 10th"]
[Site "Nasice"]
[Date "2017.02.17"]
[Round "1.1"]
[White "Aleksic, Robert"]
[Black "Oreskovic, Pero"]
[Result "1-0"]
[WhiteElo "2153"]
[BlackElo "1975"]
[PlyCount "81"]
[EventDate "2017.02.17"]
[EventType "team-swiss"]
[EventRounds "5"]
[EventCountry "CRO"]
[SourceTitle "EXT 2019"]
[Source "ChessBase"]
[SourceDate "2018.10.10"]
[SourceVersion "1"]
[SourceVersionDate "2018.10.10"]
[SourceQuality "1"]

1. e4 c5 2. Nf3 d6 3. c3 Nc6 4. d4 cxd4 5. cxd4 Nf6 6. d5 Ne5 7. Nxe5 dxe5 8. Nc3 g6 9. Be2 Bg7 10. 0-0 0-0 11. Qb3 b6 12. Rd1 Nd7 13. Be3 Kh8 14. Rac1 Nf6 15. h3 Bb7 16. a4 Bc8 17. Bb5 Nh5 18. a5 Bd7 19. Bc6 Rb8 20. a6 Nf4 21. Qb5 Bc8 22. Rc2 Qd6 23. Ne2 Qf6 24. Bd7 Qh4 25. Ng3 f5 26. Bxc8 Nxh3+ 27. gxh3 f4 28. Kg2 fxg3 29. f3 Rbxc8 30. Rxc8 Rxc8 31. Qd7 Rf8 32. Qxa7 Qf6 33. Rf1 Rc8 34. Qxb6 Qh4 35. Rc1 Rxc1 36. Bxc1 Bh6 37. a7 Bxc1 38. a8Q+ Kg7 39. Qbd8 Kh6 40. Qf8+ Kh5 41. Qac8 1-0

[Event "Osijek op"]
[Site "Osijek"]
[Date "2015.03.08"]
[Round "7"]
[White "Oreskovic, Pero"]
[Black "Lovakovic, Franjo"]
[Result "1/2-1/2"]
[WhiteElo "1967"]
[BlackElo "1894"]
[PlyCount "88"]
[EventDate "2015.03.05"]
[EventType "swiss"]
[EventRounds "7"]
[EventCountry "CRO"]
[SourceTitle "CBM 165 Extra"]
[Source "ChessBase"]
[SourceDate "2015.04.21"]
[SourceVersion "1"]
[SourceVersionDate "2015.04.21"]
[SourceQuality "1"]

1. Nf3 d5 2. g3 Nf6 3. Bg2 c5 4. c4 d4 5. b4 e6 6. bxc5 Bxc5 7. d3 Nc6 8. 0-0 0-0 9. Ba3 Qd6 10. Qb3 Rb8 11. Bxc5 Qxc5 12. a4 a6 13. Nbd2 b5 14. cxb5 axb5 15. a5 Nd5 16. Rfc1 Nc3 17. Kf1 e5 18. Ne4 Qe7 19. Nxc3 dxc3 20. Qxc3 Bb7 21. a6 Ba8 22. Qc5 f6 23. a7 Qxc5 24. Rxc5 Rb6 25. Nd2 Nd4 26. Bxa8 Rxa8 27. e3 Ne6 28. Rc2 Rb7 29. Rca2 Nc5 30. Ke2 Na4 31. Kf3 Rbxa7 32. Nb3 Ra6 33. h4 Nc5 34. Rxa6 Rxa6 35. Rxa6 Nxa6 36. Ke4 Nc7 37. d4 exd4 38. exd4 Kf7 39. d5 Ke7 40. Nd4 g6 41. Nc6+ Kd6 42. Nb4 Kc5 43. Nd3+ Kd6 44. Nb4 Kc5 1/2-1/2

[Event "Osijek op"]
[Site "Osijek"]
[Date "2015.03.06"]
[Round "3"]
[White "Oreskovic, Pero"]
[Black "Cvijanovic, Srecko"]
[Result "1-0"]
[WhiteElo "1967"]
[BlackElo "1800"]
[PlyCount "64"]
[EventDate "2015.03.05"]
[EventType "swiss"]
[EventRounds "7"]
[EventCountry "CRO"]
[SourceTitle "CBM 165 Extra"]
[Source "ChessBase"]
[SourceDate "2015.04.21"]
[SourceVersion "1"]
[SourceVersionDate "2015.04.21"]
[SourceQuality "1"]

1. e4 e6 2. Nf3 d5 3. e5 c5 4. Bb5+ Bd7 5. Qe2 Qb6 6. a4 a6 7. Bxd7+ Nxd7 8. a5 Qc7 9. c3 Ne7 10. 0-0 Nc6 11. d4 Nxa5 12. Nbd2 cxd4 13. cxd4 Bb4 14. Ng5 h6 15. Qh5 0-0 16. Ndf3 hxg5 17. Nxg5 Qc2 18. Be3 Nb3 19. Rad1 Be7 20. h4 Bxg5 21. hxg5 Rfc8 22. f4 Qg6 23. Qh4 Kf8 24. g4 Qe4 25. Bf2 g6 26. Rde1 Qc2 27. f5 gxf5 28. g6 fxg6 29. Qh7 Ke8 30. Bh4 Nf6 31. exf6 Rc7 32. Qg8+ Kd7 1-0

[Event "Osijek op"]
[Site "Osijek"]
[Date "2015.03.05"]
[Round "2"]
[White "Sokac, Marko"]
[Black "Oreskovic, Pero"]
[Result "1-0"]
[WhiteElo "2305"]
[BlackElo "1967"]
[PlyCount "81"]
[EventDate "2015.03.05"]
[EventType "swiss"]
[EventRounds "7"]
[EventCountry "CRO"]
[SourceTitle "CBM 165 Extra"]
[Source "ChessBase"]
[SourceDate "2015.04.21"]
[SourceVersion "1"]
[SourceVersionDate "2015.04.21"]
[SourceQuality "1"]

1. e4 d6 2. d4 Nf6 3. Nc3 Nc6 4. Nf3 e5 5. dxe5 Nxe5 6. Nxe5 dxe5 7. Qxd8+ Kxd8 8. Bc4 Ke8 9. Bg5 c6 10. 0-0-0 Bb4 11. f4 Bxc3 12. bxc3 Bg4 13. Bxf6 gxf6 14. Rd6 Ke7 15. fxe5 fxe5 16. Rh6 f6 17. Rf1 Raf8 18. h3 Be6 19. Bxe6 Kxe6 20. g4 Rf7 21. g5 Rhf8 22. Kd2 Ke7 23. gxf6+ Rxf6 24. Rfxf6 Rxf6 25. Rxh7+ Rf7 26. Rxf7+ Kxf7 27. c4 Kg6 28. Ke3 Kg5 29. Kf3 Kh4 30. Kg2 b5 31. cxb5 cxb5 32. c3 a5 33. a3 a4 34. Kh2 Kg5 35. Kg3 Kf6 36. h4 Ke6 37. h5 Kd6 38. h6 Kc5 39. h7 Kc4 40. h8Q Kxc3 41. Qxe5+ 1-0

[Event "Osijek-ch op"]
[Site "Osijek"]
[Date "2014.02.21"]
[Round "3"]
[White "Niksic, Jurica"]
[Black "Oreskovic, Pero"]
[Result "1-0"]
[WhiteElo "1807"]
[BlackElo "2025"]
[PlyCount "101"]
[EventDate "2014.02.20"]
[EventType "swiss"]
[EventRounds "7"]
[EventCountry "CRO"]
[SourceTitle "CBM 159 Extra"]
[Source "ChessBase"]
[SourceDate "2014.04.24"]
[SourceVersion "1"]
[SourceVersionDate "2014.04.24"]
[SourceQuality "1"]

1. c4 Nf6 2. g3 g6 3. Bg2 Bg7 4. e4 d6 5. Ne2 e5 6. d3 a5 7. 0-0 0-0 8. Nbc3 Na6 9. f4 exf4 10. Bxf4 Bg4 11. Qd2 Qd7 12. Rae1 Rae8 13. d4 Bh3 14. Nc1 Bxg2 15. Qxg2 c6 16. Nd3 Nc7 17. d5 cxd5 18. exd5 h5 19. Ne4 Nxe4 20. Rxe4 b5 21. b3 bxc4 22. bxc4 Rxe4 23. Qxe4 Re8 24. Qf3 Re7 25. c5 Be5 26. Bxe5 dxe5 27. d6 Re8 28. dxc7 e4 29. c8Q Rxc8 30. Qxe4 Re8 31. Qc4 Re6 32. Nf4 Rf6 33. Qc3 Rc6 34. Re1 h4 35. Nd5 hxg3 36. Ne7+ Kh7 37. Nxc6 gxh2+ 38. Kxh2 Qxc6 39. Rh1 f6 40. Kg1+ Kg7 41. Qe3 Kg8 42. Qb3+ Kg7 43. Qe3 Kg8 44. Rh2 Qd7 45. Rd2 Qg4+ 46. Kf2 Qf5+ 47. Kg3 Qc8 48. Rd6 Qf8 49. Qe6+ Kg7 50. c6 g5 51. Qxf6+ 1-0

[Event "CRO-chT2 East"]
[Site "Osijek"]
[Date "2013.10.27"]
[Round "10.22"]
[White "Oreskovic, Pero"]
[Black "Goric, Esad"]
[Result "1/2-1/2"]
[WhiteElo "2041"]
[BlackElo "2340"]
[PlyCount "41"]
[EventDate "2013.04.20"]
[EventType "team-tourn"]
[EventRounds "11"]
[EventCountry "CRO"]
[SourceTitle "EXT 2023"]
[Source "ChessBase"]
[SourceDate "2022.10.05"]
[SourceVersion "1"]
[SourceVersionDate "2022.10.05"]
[SourceQuality "1"]

1. c4 Nf6 2. g3 d6 3. Bg2 g6 4. Nc3 Bg7 5. e3 Nbd7 6. Nge2 e5 7. d4 c6 8. 0-0 0-0 9. h3 a5 10. b3 Re8 11. Bb2 e4 12. Qc2 d5 13. cxd5 cxd5 14. Nb5 Ra6 15. Rac1 Rc6 16. Qd2 Nb8 17. Ba3 Bf8 18. Bxf8 Rxf8 19. Rxc6 Nxc6 20. Rc1 Bd7 21. Nec3 1/2-1/2

[Event "CRO-chT2 East"]
[Site "Osijek"]
[Date "2013.04.20"]
[Round "2.42"]
[White "Nol, Andrija"]
[Black "Oreskovic, Pero"]
[Result "1/2-1/2"]
[WhiteElo "2144"]
[BlackElo "2041"]
[PlyCount "26"]
[EventDate "2013.04.20"]
[EventType "team-tourn"]
[EventRounds "11"]
[EventCountry "CRO"]
[SourceTitle "EXT 2023"]
[Source "ChessBase"]
[SourceDate "2022.10.05"]
[SourceVersion "1"]
[SourceVersionDate "2022.10.05"]
[SourceQuality "1"]

1. d4 Nf6 2. Nf3 g6 3. c4 Bg7 4. Nc3 0-0 5. e3 d6 6. Be2 Nbd7 7. 0-0 c6 8. Qc2 e5 9. Rd1 Qe7 10. b3 e4 11. Nd2 d5 12. a4 Re8 13. Ba3 Qe6 1/2-1/2

[Event "Osijek op"]
[Site "Osijek"]
[Date "2013.02.24"]
[Round "7.20"]
[White "Turkalj, Zvonko"]
[Black "Oreskovic, Pero"]
[Result "1/2-1/2"]
[WhiteElo "1886"]
[BlackElo "2041"]
[PlyCount "51"]
[EventDate "2013.02.21"]
[EventType "swiss"]
[EventRounds "7"]
[EventCountry "CRO"]
[SourceTitle "EXT 2014"]
[Source "ChessBase"]
[SourceDate "2013.11.20"]
[SourceVersion "1"]
[SourceVersionDate "2013.11.20"]
[SourceQuality "1"]

1. e4 c5 2. Nf3 d6 3. d4 cxd4 4. Nxd4 Nf6 5. Nc3 e5 6. Ndb5 a6 7. Na3 b5 8. b4 Bb7 9. Bg5 Nc6 10. Nd5 Be7 11. Bxf6 Bxf6 12. c4 bxc4 13. Nxc4 Nd4 14. Bd3 0-0 15. 0-0 Bxd5 16. exd5 Be7 17. f4 Bf6 18. fxe5 dxe5 19. Be4 Rc8 20. Na5 Qb6 21. Kh1 Qxb4 22. Rxf6 gxf6 23. Bxh7+ Kxh7 24. Qh5+ Kg7 25. Qg4+ Kh7 26. Qh5+ 1/2-1/2

[Event "Osijek op"]
[Site "Osijek"]
[Date "2013.02.23"]
[Round "6.24"]
[White "Oreskovic, Pero"]
[Black "Skocibusic, Davor"]
[Result "1-0"]
[WhiteElo "2041"]
[BlackElo "1669"]
[PlyCount "113"]
[EventDate "2013.02.21"]
[EventType "swiss"]
[EventRounds "7"]
[EventCountry "CRO"]
[SourceTitle "EXT 2014"]
[Source "ChessBase"]
[SourceDate "2013.11.20"]
[SourceVersion "1"]
[SourceVersionDate "2013.11.20"]
[SourceQuality "1"]

1. Nf3 d5 2. g3 Nf6 3. Bg2 c5 4. c4 e6 5. 0-0 Nc6 6. Na3 Be7 7. b3 0-0 8. d3 h6 9. Bd2 Bd7 10. Rb1 a5 11. Nc2 Qc7 12. a3 Bd6 13. Qc1 Kh7 14. Re1 Ne5 15. Nxe5 Bxe5 16. e3 Bc6 17. d4 Bd6 18. dxc5 Bxc5 19. b4 axb4 20. axb4 Be7 21. Nd4 Ne4 22. Qc2 g6 23. Bc1 Nf6 24. cxd5 exd5 25. b5 Qa5 26. Bd2 Qa2 27. Rb2 Qa3 28. bxc6 bxc6 29. Reb1 c5 30. Rb7 cxd4 31. exd4 Rfc8 32. Qd1 Re8 33. Bf4 Qa4 34. Be5 Qxd1+ 35. Rxd1 Ng4 36. Bxd5 Nxe5 37. dxe5 Rad8 38. Kg2 Kg7 39. f4 f6 40. e6 f5 41. Bc6 Rxd1 42. Bxe8 Kf6 43. Bxg6 Kxg6 44. Rxe7 Kf6 45. Re8 Re1 46. Kh3 Rxe6 47. Rxe6+ Kxe6 48. Kh4 Kf6 49. Kh5 Kg7 50. h3 Kh7 51. g4 fxg4 52. Kxg4 Kg6 53. f5+ Kf6 54. Kf4 h5 55. h4 Ke7 56. Kg5 Kf7 57. Kxh5 1-0

[Event "Osijek op"]
[Site "Osijek"]
[Date "2013.02.21"]
[Round "2.10"]
[White "Oreskovic, Pero"]
[Black "Kristovic, Marijan"]
[Result "0-1"]
[WhiteElo "2041"]
[BlackElo "2281"]
[PlyCount "92"]
[EventDate "2013.02.21"]
[EventType "swiss"]
[EventRounds "7"]
[EventCountry "CRO"]
[SourceTitle "EXT 2014"]
[Source "ChessBase"]
[SourceDate "2013.11.20"]
[SourceVersion "1"]
[SourceVersionDate "2013.11.20"]
[SourceQuality "1"]

1. c4 Nf6 2. Nc3 e5 3. g3 d5 4. cxd5 Nxd5 5. Bg2 Nxc3 6. bxc3 c5 7. Nf3 Nc6 8. d3 Be7 9. 0-0 0-0 10. Rb1 Qc7 11. d4 Bf5 12. Ra1 cxd4 13. cxd4 exd4 14. Bf4 Qd7 15. Ne5 Nxe5 16. Bxe5 Bc5 17. Qb3 Bb6 18. a4 Rae8 19. a5 Rxe5 20. axb6 axb6 21. Bf3 b5 22. Ra7 Be4 23. Rd1 h6 24. Bxe4 Rxe4 25. e3 Rfe8 26. Raa1 g6 27. Qd3 Qf5 28. Re1 dxe3 29. fxe3 Qe5 30. Rab1 b4 31. Rb3 b5 32. Qd7 Re7 33. Qc8+ Kg7 34. Rd3 Rc7 35. Qa8 Rc3 36. Rd8 Rexe3 37. Rf1 Rxg3+ 38. Kh1 Rcf3 39. Qxf3 Rxf3 40. Rxf3 Qe1+ 41. Kg2 Qe2+ 42. Kg3 Qe5+ 43. Kg2 Qg5+ 44. Kf2 Qh4+ 45. Ke2 Qc4+ 46. Kf2 b3 0-1

[Event "Osijek op"]
[Site "Osijek"]
[Date "2013.02.21"]
[Round "1.31"]
[White "Zagorscak, Dino"]
[Black "Oreskovic, Pero"]
[Result "0-1"]
[WhiteElo "1613"]
[BlackElo "2041"]
[PlyCount "149"]
[EventDate "2013.02.21"]
[EventType "swiss"]
[EventRounds "7"]
[EventCountry "CRO"]
[SourceTitle "EXT 2014"]
[Source "ChessBase"]
[SourceDate "2013.11.20"]
[SourceVersion "1"]
[SourceVersionDate "2013.11.20"]
[SourceQuality "1"]

1. e4 c5 2. Nc3 d6 3. g3 Nf6 4. Bg2 Nbd7 5. Nge2 Rb8 6. a4 e6 7. 0-0 Be7 8. d3 0-0 9. f4 a6 10. Bd2 b5 11. axb5 axb5 12. Qc1 b4 13. Nd1 Bb7 14. Ne3 Qc7 15. f5 Ra8 16. b3 Rxa1 17. Qxa1 Ra8 18. Qb2 d5 19. fxe6 fxe6 20. exd5 Nxd5 21. Nxd5 Bxd5 22. Bf4 Qa5 23. Be5 Nxe5 24. Qxe5 Bf6 25. Qh5 Qd8 26. Nf4 Bxg2 27. Kxg2 e5 28. Nh3 Ra2 29. Rf2 h6 30. Qg4 Qd5+ 31. Qf3 Qd4 32. Qf5 Kf7 33. Qe4 Ke6 34. Nf4+ Kd6 35. Qxd4+ exd4 36. Kf3 Bg5 37. Re2 Ra8 38. Re6+ Kd7 39. Rg6 Ra2 40. Rxg7+ Kc6 41. Ne6 Rxc2 42. Rc7+ Kd6 43. Nxd4 Rb2 44. Nb5+ Kd5 45. d4 cxd4 46. Nxd4 Kxd4 47. Rc4+ Kd3 48. Rxb4 Be3 49. Rb7 Rf2+ 50. Kg4 Rf6 51. Kh3 Bb6 52. g4 Ke4 53. Kh4 Be3 54. Kh5 Kf3 55. Rg7 Rb6 56. Rf7+ Bf4 57. Rd7 Rb5+ 58. Kh4 Rxb3 59. Rd1 Rb5 60. Rf1+ Ke3 61. Ra1 Bg5+ 62. Kh3 Rb3 63. Rf1 Ke4+ 64. Kg2 Bf4 65. Re1+ Kd5 66. Rg1 Ke5 67. Kh1 Kf6 68. Kg2 Kg5 69. Kf1 Kh4 70. Kg2 Kxg4 71. Kh1+ Kf3 72. Rg2 h5 73. Rg1 h4 74. Rg2 h3 75. Rg3+ 0-1

[Event "Osijek-ch op"]
[Site "Osijek"]
[Date "2011.02.26"]
[Round "6"]
[White "Grguric, Damir"]
[Black "Oreskovic, Pero"]
[Result "1-0"]
[WhiteElo "2009"]
[BlackElo "2051"]
[PlyCount "61"]
[EventDate "2011.02.24"]
[EventType "swiss"]
[EventRounds "7"]
[EventCountry "CRO"]
[SourceTitle "EXT 2012"]
[Source "ChessBase"]
[SourceDate "2011.11.24"]
[SourceVersion "1"]
[SourceVersionDate "2011.11.24"]
[SourceQuality "1"]

1. e4 c5 2. Nf3 Nf6 3. Nc3 d6 4. Bc4 e6 5. d4 Be7 6. 0-0 a6 7. a4 0-0 8. Qe2 cxd4 9. Nxd4 Qc7 10. h3 Bd7 11. Be3 Nc6 12. f4 Rac8 13. Bd3 Nb4 14. g4 Nxd3 15. cxd3 Bc6 16. g5 Nd7 17. f5 e5 18. Nxc6 bxc6 19. f6 Bd8 20. fxg7 Re8 21. Qh5 Nc5 22. Bxc5 dxc5 23. Rf5 Qa7 24. Raf1 Re7 25. Qh6 c4+ 26. Kh1 Qe3 27. R5f3 Qd2 28. R1f2 Qc1+ 29. Rf1 Qd2 30. Nb1 Qe2 31. g6 1-0

[Event "Bosnjaci op 16th"]
[Site "Bosnjaci"]
[Date "2011.01.04"]
[Round "3"]
[White "Plenca, Julian"]
[Black "Oreskovic, Pero"]
[Result "1-0"]
[WhiteElo "2344"]
[BlackElo "2051"]
[PlyCount "111"]
[EventDate "2011.01.03"]
[EventType "swiss"]
[EventRounds "9"]
[EventCountry "CRO"]
[SourceTitle "CBM 140 Extra"]
[Source "ChessBase"]
[SourceDate "2011.03.01"]
[SourceVersion "1"]
[SourceVersionDate "2011.03.01"]
[SourceQuality "1"]

1. e4 c5 2. Nf3 Nc6 3. Nc3 d6 4. d4 cxd4 5. Nxd4 Nf6 6. Be2 a6 7. 0-0 g6 8. Be3 Bg7 9. f4 0-0 10. Nb3 b5 11. Bf3 Bb7 12. Qd2 Qc7 13. Rac1 e6 14. Kh1 Rfd8 15. Qf2 Nd7 16. Rcd1 Ne7 17. Rd2 b4 18. Na4 d5 19. e5 Nf5 20. Nb6 Nxe3 21. Nxa8 Rxa8 22. Qxe3 a5 23. Nd4 Ba6 24. Rc1 Nb6 25. b3 Rc8 26. c3 Bf8 27. Rdc2 bxc3 28. Rxc3 Qb7 29. Rxc8 Nxc8 30. h3 Ba3 31. Rc2 Ne7 32. Qc3 Nf5 33. Nxf5 gxf5 34. Qxa5 Bf8 35. Qd8 Qb4 36. Kh2 Qxf4+ 37. Kh1 Qxe5 38. Rc1 h6 39. Qe8 Kg7 40. Bh5 Qf6 41. a4 Ba3 42. Rd1 Bb7 43. Qd7 Qe7 44. Qxe7 Bxe7 45. b4 e5 46. a5 d4 47. b5 Bd5 48. Bf3 Be6 49. a6 Bc5 50. Rc1 Ba7 51. Rc7 e4 52. Rxa7 exf3 53. Kg1 d3 54. Ra8 fxg2 55. Rd8 Bc4 56. a7 1-0

[Event "Osijek OBZ Cup 2nd"]
[Site "Osijek"]
[Date "2009.03.14"]
[Round "2.2"]
[White "Abramovic, Darko"]
[Black "Oreskovic, Pero"]
[Result "1/2-1/2"]
[WhiteElo "2014"]
[BlackElo "2087"]
[PlyCount "31"]
[EventDate "2009.03.13"]
[EventType "team-tourn"]
[EventRounds "5"]
[EventCountry "CRO"]
[SourceTitle "EXT 2011"]
[Source "ChessBase"]
[SourceDate "2010.11.26"]
[SourceVersion "1"]
[SourceVersionDate "2010.11.26"]
[SourceQuality "1"]

1. d4 Nf6 2. Nf3 g6 3. c4 c5 4. Nc3 Bg7 5. e4 0-0 6. Be2 cxd4 7. Nxd4 d6 8. 0-0 Nbd7 9. Be3 Nc5 10. Qc2 a6 11. Rfd1 Bd7 12. Rac1 Rc8 13. b4 Ne6 14. Nxe6 fxe6 15. Qd2 Bc6 16. f3 1/2-1/2

[Event "Osijek op"]
[Site "Osijek"]
[Date "2009.02.07"]
[Round "7"]
[White "Mravunac, Branko"]
[Black "Oreskovic, Pero"]
[Result "0-1"]
[WhiteElo "2075"]
[BlackElo "2119"]
[PlyCount "62"]
[EventDate "2009.01.31"]
[EventType "swiss"]
[EventRounds "9"]
[EventCountry "CRO"]
[SourceTitle "EXT 2010"]
[Source "ChessBase"]
[SourceDate "2010.11.25"]
[SourceVersion "1"]
[SourceVersionDate "2010.11.25"]
[SourceQuality "1"]

1. e4 d6 2. d4 c5 3. dxc5 Qa5+ 4. c3 Qxc5 5. Be3 Qc7 6. Na3 a6 7. Nc4 Nd7 8. a4 Ngf6 9. f3 g6 10. a5 Bg7 11. Qd2 0-0 12. g4 Ne5 13. Nb6 Rb8 14. g5 Nfd7 15. f4 Nc6 16. h4 Nc5 17. Nd5 Qd8 18. Bxc5 dxc5 19. h5 e6 20. hxg6 exd5 21. Qh2 fxg6 22. Qxh7+ Kf7 23. Rh6 Qd6 24. f5 Bxf5 25. exf5 Qe5+ 26. Kd2 Qxf5 27. Nh3 Rh8 28. Bd3 Rxh7 29. Rxh7 Qe5 30. Rf1+ Kg8 31. Bxg6 d4 0-1

[Event "Osijek op"]
[Site "Osijek"]
[Date "2009.02.06"]
[Round "6"]
[White "Oreskovic, Pero"]
[Black "Leventic, Ivan"]
[Result "0-1"]
[WhiteElo "2119"]
[BlackElo "2511"]
[PlyCount "108"]
[EventDate "2009.01.31"]
[EventType "swiss"]
[EventRounds "9"]
[EventCountry "CRO"]
[SourceTitle "EXT 2010"]
[Source "ChessBase"]
[SourceDate "2010.11.25"]
[SourceVersion "1"]
[SourceVersionDate "2010.11.25"]
[SourceQuality "1"]

1. Nf3 Nf6 2. g3 c5 3. Bg2 Nc6 4. d3 d5 5. 0-0 g6 6. c3 Bg7 7. Nbd2 0-0 8. Qc2 e5 9. e4 h6 10. a3 a5 11. exd5 Nxd5 12. Re1 a4 13. Nc4 Re8 14. Be3 b5 15. Ncd2 Qb6 16. Ne4 Nxe3 17. Rxe3 Be6 18. c4 bxc4 19. dxc4 Nd4 20. Nxd4 cxd4 21. c5 Qa5 22. Ree1 Rec8 23. Rac1 Rab8 24. Nd6 Bb3 25. Qe2 Rxc5 26. Nb7 Rxb7 27. Bxb7 f5 28. Rxc5 Qxc5 29. Qa6 Kh7 30. h4 h5 31. Bc8 d3 32. Bxf5 gxf5 33. Qxd3 e4 34. Qd2 Qe7 35. Rf1 Bh6 36. Qa5 Kg6 37. Re1 Qd6 38. Qa8 Bd2 39. Rf1 e3 40. Kh2 Bc4 41. Rd1 exf2 42. Qe8+ Kg7 43. Kg2 Be1 44. Rxe1 fxe1Q 45. Qxe1 Qd5+ 46. Kh2 Qe4 47. Qc3+ Kg6 48. Kg1 Qd3 49. Qe1 Qd4+ 50. Kh2 Qxb2+ 51. Kg1 Qd4+ 52. Kh2 Qe4 53. Qc1 Kf7 54. Kg1 Qd4+ 0-1